| 000 | 00446nam a2200193Ia 4500 | ||
|---|---|---|---|
| 003 | 0100 | ||
| 008 | 130227s9999 xx 000 0 und d | ||
| 040 | _cARRUPELIB | ||
| 050 | _aB2750.B456 | ||
| 100 | _aBenda, Julien | ||
| 245 | 4 | _aThe living thoughts of Kant | |
| 260 | _aLondon | ||
| 260 | _bCassell | ||
| 260 | _C1948 | ||
| 300 | _a154p. | ||
| 300 | _b 19cm. | ||
| 650 | _bEnglish Literature-20th century-addresses | ||
| 942 |
_2lcc _02 |
||
| 999 |
_c4889 _d4889 |
||